000 00430nam a2200169Ia 4500
003 GCL
008 140319s9999 xx 000 0 eng d
040 _aGCL /
_cGCL
082 0 4 _a952
_bN C
100 1 _aNEUSTUPNY, J.V.
245 1 0 _aCOMMUNICATION WITH THE JAPANESE /
_cNEUSTUPNY, J.V.
260 _a[S.N] :
_bTHE JAPAN TIMES ،
_c1994
300 _a220 P
650 0 4 _aJAPAN - LANGUAGE
650 0 4 _aJAPAN
942 _2ddc
_cBK
999 _c20465
_d20465